000 01163naa a22003137a 4500
001 BR8300992
003 BR-BrBNA
005 20240918175227.0
007 ta
008 230509b bl.||||| |||| 00| 0 por d
040 _aBR-BrBNA
_bpor
_cBiblioteca Nacional de Agricultura
041 _a(Pt)
072 _aH60
_b0170
_b3876
090 _aH60 BR8300992
100 1 _aPinto, J.J.O.
100 1 _aXavier, F.E.
100 1 _aBrauner, G.L.
111 1 _a11. Reuniao Tecnica Anual do Sorgo
_cPelotas, RS (Brazil)
_d10 Aug 1982
245 1 _aComportamento de herbicidas na cultura do sorgo granifero [Sorghum bicolor]
246 1 _a[Behaviour of herbicides in grain sorghum [Sorghum bicolor]]
246 1 _a[Annals of the 11. Technical yearly Meeting of Sorghum]
260 3 _aPelotas, RS (Brasil):
_c1982.
500 _aAnais da 11. Reuniao Tecnica Anual do Sorgo Pelotas, RS (Brasil): 1982. p. 59-62 (BR8300992-AM)H60
650 _aSORGO GRANIFERO
650 _aHERBICIDA
773 0 _tAnais da 11. Reuniao Tecnica Anual do Sorgo
_wH60 BR8300992
_gPelotas, RS (Brasil), 1982. p. 59-62
909 _a202404
_bLucia
_c55
_dLucia Elande
942 _cAM
_2AGRIS
999 _c315742
_d315742